| 000 | 00374nam a2200169Ia 4500 | ||
|---|---|---|---|
| 100 | _aMital/Anil/ Desai/Anoop | ||
| 650 | _aproduct development | ||
| 942 | _cBK | ||
| 366 | _f25 | ||
| 654 | _aproduct development | ||
| 245 | _aProduct development | ||
| 260 |
_bSpringer _c2008 |
||
| 082 |
_a670.42 _bMIT |
||
| 300 | _a425 | ||
| 546 |
_aENGLISH _cInfo.Tech |
||
| 999 |
_c34295 _d34295 |
||